000 01059cab a2200241 4500
001 WB3306-37
008 090401t1997 xxu||||| |||| 00| 0 eng d
035 _a(Sirsi) u44033
041 _aeng
245 _aGreen belt
260 _c1997
350 _a0
490 _aEstates Gazette Case Summaries
_v[1997] EGCS 03 (1/02/97)
520 _a"Bromley LBC v SoS Environment and another" QBD 10 January 1997. Squash club located in a green belt. Council refused to couple previous planning permission for an extension with enlargement for car park. Application allowed on appeal. Planning authority challenged inspectors decision and contended additional works would constitute an inappropriate development for purpose of PPG2. Decision quashed.
650 _aBROMLEY LBC V SOS ENVIRONMENT AND ANOTHER
650 _aGREEN BELT
650 _aINAPPROPRIATE DEVELOPMENT
650 _aPLANNING PERMISSION
650 _aPLANNING POLICY GUIDANCE NOTE 2 (GREEN BELTS)
690 _aPLANNING LAW AND PRACTICE-CASE LAW
942 _n0
948 _c04/03/1997
999 _c28073
_d28073